Health policy : (Record no. 4639)

MARC details
000 -LEADER
fixed length control field 02277cam a2200421 a 4500
001 - CONTROL NUMBER
control field 15283931
003 - CONTROL NUMBER IDENTIFIER
control field OSt
005 - DATE AND TIME OF LATEST TRANSACTION
control field 20160705151241.0
008 - FIXED-LENGTH DATA ELEMENTS--GENERAL INFORMATION
fixed length control field 080501s2009 caua b 001 0 eng
010 ## - LIBRARY OF CONGRESS CONTROL NUMBER
LC control number 2008928384
015 ## - NATIONAL BIBLIOGRAPHY NUMBER
National bibliography number GBA8A0991
Source bnb
016 7# - NATIONAL BIBLIOGRAPHIC AGENCY CONTROL NUMBER
Record control number 101495113
Source DNLM
016 7# - NATIONAL BIBLIOGRAPHIC AGENCY CONTROL NUMBER
Record control number 014697384
Source Uk
020 ## - INTERNATIONAL STANDARD BOOK NUMBER
International Standard Book Number 9781412922869
020 ## - INTERNATIONAL STANDARD BOOK NUMBER
International Standard Book Number 1412922860
020 ## - INTERNATIONAL STANDARD BOOK NUMBER
International Standard Book Number 9781412922876 (pbk.)
020 ## - INTERNATIONAL STANDARD BOOK NUMBER
International Standard Book Number 1412922879 (pbk.)
035 ## - SYSTEM CONTROL NUMBER
System control number (OCoLC)ocn228363061
040 ## - CATALOGING SOURCE
Original cataloging agency NLM
Transcribing agency NLM
Modifying agency UKM
-- BTCTA
-- BAKER
-- YDXCP
-- BWKUK
-- BWK
-- BWX
-- FDA
-- DLC
042 ## - AUTHENTICATION CODE
Authentication code nlmcopyc
-- lccopycat
082 ## - DEWEY DECIMAL CLASSIFICATION NUMBER
Classification number WA 525
Item number C868h 2009
100 1# - MAIN ENTRY--PERSONAL NAME
Personal name Crinson, Iain.
9 (RLIN) 9965
245 10 - TITLE STATEMENT
Title Health policy :
Remainder of title a critical perspective /
Statement of responsibility, etc. Iain Crinson.
260 ## - PUBLICATION, DISTRIBUTION, ETC. (IMPRINT)
Place of publication, distribution, etc. Los Angeles :
Name of publisher, distributor, etc. SAGE,
Date of publication, distribution, etc. 2009.
300 ## - PHYSICAL DESCRIPTION
Extent viii, 218 p. :
Other physical details ill. ;
Dimensions 25 cm.
504 ## - BIBLIOGRAPHY, ETC. NOTE
Bibliography, etc Includes bibliographical references (p. [199]-212) and index.
505 0# - FORMATTED CONTENTS NOTE
Formatted contents note Pt. 1, Theory and context. Studying health policy ; The role of the state : theory and practice ; The policy-making process -- Pt. 2, The healthcare system. The structure of healthcare in the UK : continuity and change ; The system of healthcare funding in the UK ; A comparative analysis of European healthcare systems : changing demands, common solutions? -- Pt. 3, Issues in healthcare provision. Governing the medical profession ; Managing the performance of the NHS ; A patient-led health service? Choice, equity and the supplier market ; Meeting long-term health and social care needs in the community -- Pt. 4, Looking to the future. Health beyond policy.
650 #0 - SUBJECT ADDED ENTRY--TOPICAL TERM
Topical term or geographic name as entry element Medical policy
Geographic subdivision Great Britain.
9 (RLIN) 2096
650 #0 - SUBJECT ADDED ENTRY--TOPICAL TERM
Topical term or geographic name as entry element National health services
Geographic subdivision Great Britain.
9 (RLIN) 2095
650 12 - SUBJECT ADDED ENTRY--TOPICAL TERM
Topical term or geographic name as entry element Health Policy
Geographic subdivision Great Britain.
9 (RLIN) 9966
650 22 - SUBJECT ADDED ENTRY--TOPICAL TERM
Topical term or geographic name as entry element Delivery of Health Care
General subdivision organization & administration
Geographic subdivision Great Britain.
9 (RLIN) 9967
650 22 - SUBJECT ADDED ENTRY--TOPICAL TERM
Topical term or geographic name as entry element State Medicine
Geographic subdivision Great Britain.
9 (RLIN) 9968
856 42 - ELECTRONIC LOCATION AND ACCESS
Materials specified Publisher description
Uniform Resource Identifier http://www.loc.gov/catdir/enhancements/fy1008/2008928384-d.html
856 41 - ELECTRONIC LOCATION AND ACCESS
Materials specified Table of contents only
Uniform Resource Identifier http://www.loc.gov/catdir/enhancements/fy1008/2008928384-t.html
906 ## - LOCAL DATA ELEMENT F, LDF (RLIN)
a 7
b cbc
c copycat
d 2
e ncip
f 20
g y-gencatlg
942 ## - ADDED ENTRY ELEMENTS (KOHA)
Source of classification or shelving scheme Other/Generic Classification Scheme
Koha item type Open Shelf
Holdings
Withdrawn status Lost status Source of classification or shelving scheme Damaged status Not for loan Home library Current library Date acquired Source of acquisition Inventory number Total Checkouts Full call number Barcode Date last seen Price effective from Koha item type
    Other/Generic Classification Scheme     MUST Main Library MUST Main Library 05/07/2016   2011/33137   WA 525 C868h 2009 2016-3008 05/07/2016 05/07/2016 Open Shelf